000
00330 a2200145 4500
001
151919
040
_c
Escola São Tomás de Aquino
240
1
0
_a
Solos de violões e sonhos.
_l
por
245
1
0
_a
Solos de violões e sonhos.
300
_a
62
362
0
_a
1997
440
1
_a
FTD
697
_a
*LITERATURA JUVENIL
942
_c
BK
999
_c
151919
_d
151919